[Event "Oberliga Ost-B 2122"]
[Site "Germany"]
[Date "2022.03.05"]
[Round "8.3"]
[White "Schmidt, Walter"]
[Black "Gottschalk, Jens"]
[Result "1/2-1/2"]
[WhiteElo "2229"]
[BlackElo "2265"]
[PlyCount "27"]
[EventDate "2021.10.10"]
[EventType "team-tourn"]
[EventRounds "11"]
[EventCountry "GER"]
[SourceTitle "EXT 2023"]
[Source "ChessBase"]
[SourceDate "2022.10.05"]
[SourceVersion "1"]
[SourceVersionDate "2022.10.05"]
[SourceQuality "1"]
[WhiteTeam "Bad Homburg"]
[BlackTeam "Wiesbaden"]
[WhiteTeamCountry "GER"]
[BlackTeamCountry "GER"]

1. e4 c5 2. Nf3 Nc6 3. d4 cxd4 4. Nxd4 Nf6 5. Nc3 e6 6. g3 Bb4 7. Bg2 0-0 8. 0-0 a6 9. Nce2 Qc7 10. c4 b6 11. b3 Bb7 12. Bb2 Nxd4 13. Qxd4 Bc5 14. Qd3 1/2-1/2

[Event "Oberliga Ost-B 1920"]
[Site "Germany"]
[Date "2019.11.16"]
[Round "2.3"]
[White "Michalowski, Peter"]
[Black "Gottschalk, Jens"]
[Result "1/2-1/2"]
[WhiteElo "2107"]
[BlackElo "2259"]
[PlyCount "35"]
[EventDate "2019.09.29"]
[EventType "team-tourn"]
[EventRounds "11"]
[EventCountry "GER"]
[SourceTitle "EXT 2021"]
[Source "ChessBase"]
[SourceDate "2020.10.23"]
[SourceVersion "1"]
[SourceVersionDate "2020.10.23"]
[SourceQuality "1"]
[WhiteTeam "Erfurt Empor"]
[BlackTeam "Wiesbaden"]
[WhiteTeamCountry "GER"]
[BlackTeamCountry "GER"]

1. e4 c5 2. Nf3 Nc6 3. d4 cxd4 4. Nxd4 Nf6 5. Nc3 e6 6. Ndb5 d6 7. Bf4 e5 8. Bg5 a6 9. Na3 b5 10. Nd5 Be7 11. Bxf6 Bxf6 12. c3 0-0 13. Nc2 Bg5 14. a4 bxa4 15. Rxa4 a5 16. Bb5 Ne7 17. Ncb4 Nxd5 18. Nxd5 1/2-1/2

[Event "Oberliga Ost-B 1920"]
[Site "Germany"]
[Date "2019.09.29"]
[Round "1.4"]
[White "Braun, Vitali"]
[Black "Gottschalk, Jens"]
[Result "0-1"]
[WhiteElo "2356"]
[BlackElo "2259"]
[PlyCount "92"]
[EventDate "2019.09.29"]
[EventType "team-tourn"]
[EventRounds "11"]
[EventCountry "GER"]
[SourceTitle "EXT 2021"]
[Source "ChessBase"]
[SourceDate "2020.10.23"]
[SourceVersion "1"]
[SourceVersionDate "2020.10.23"]
[SourceQuality "1"]
[WhiteTeam "Griesheim"]
[BlackTeam "Wiesbaden"]
[WhiteTeamCountry "GER"]
[BlackTeamCountry "GER"]

1. d4 Nf6 2. Bf4 g6 3. e3 d5 4. c3 Bg7 5. Nd2 Nbd7 6. Ngf3 c5 7. Bd3 0-0 8. 0-0 b6 9. h3 Bb7 10. Ne5 Ne4 11. Ndf3 f6 12. Nxd7 Qxd7 13. Qc2 Rfe8 14. Rad1 Nd6 15. Bxd6 Qxd6 16. e4 c4 17. Be2 Rac8 18. exd5 Bxd5 19. Rfe1 Qc6 20. Qd2 Rcd8 21. Qe3 Qa4 22. a3 Qc6 23. Bf1 h5 24. Nh4 Kh7 25. Qg3 f5 26. Nf3 Bxf3 27. Qxf3 Qxf3 28. gxf3 b5 29. a4 a6 30. Re6 Rd6 31. Rde1 Rxe6 32. Rxe6 bxa4 33. Rxa6 Rb8 34. Rxa4 Rxb2 35. Rxc4 Bf6 36. Rc6 Bh4 37. Re6 Rc2 38. c4 Bxf2+ 39. Kh1 Bxd4 40. Rxe7+ Kh6 41. Re6 h4 42. Bd3 Rc1+ 43. Kh2 Kg5 44. Be2 Kf4 45. Rxg6 Re1 46. Bd3 Kxf3 0-1

[Event "Oberliga Ost-B 1819"]
[Site "Germany"]
[Date "2018.12.16"]
[Round "5.3"]
[White "Jakob, Matthias"]
[Black "Gottschalk, Jens"]
[Result "0-1"]
[WhiteElo "2104"]
[BlackElo "2287"]
[PlyCount "60"]
[EventDate "2018.10.21"]
[EventType "team-tourn"]
[EventRounds "11"]
[EventCountry "GER"]
[SourceTitle "EXT 2020"]
[Source "ChessBase"]
[SourceDate "2019.10.17"]
[SourceVersion "1"]
[SourceVersionDate "2019.10.17"]
[SourceQuality "1"]
[WhiteTeam "Erfurt Medizin"]
[BlackTeam "Wiesbaden"]
[WhiteTeamCountry "GER"]
[BlackTeamCountry "GER"]

1. d4 Nf6 2. Bf4 g6 3. Nc3 d5 4. Qd2 c6 5. f3 Qb6 6. 0-0-0 Bg7 7. Bh6 Bxh6 8. Qxh6 Na6 9. Nh3 Bd7 10. Ng5 Be6 11. Nxe6 fxe6 12. e3 0-0-0 13. Qh3 Nc7 14. Kb1 Qb4 15. Be2 Kb8 16. f4 c5 17. a3 Qa5 18. dxc5 Qxc5 19. Rd4 Rd6 20. g4 Rc6 21. Bd3 Nd7 22. Bxg6 e5 23. Bf5 exd4 24. Bxd7 dxc3 25. Bxc6 cxb2 26. e4 Qxc6 27. exd5 Nxd5 28. Re1 Rc8 29. Qb3 Qd6 30. Kxb2 Rc6 0-1

[Event "Oberliga Ost-B 1819"]
[Site "Germany"]
[Date "2018.12.15"]
[Round "4.3"]
[White "Gottschalk, Jens"]
[Black "Rolle, Eric"]
[Result "1/2-1/2"]
[WhiteElo "2287"]
[BlackElo "2207"]
[PlyCount "52"]
[EventDate "2018.10.21"]
[EventType "team-tourn"]
[EventRounds "11"]
[EventCountry "GER"]
[SourceTitle "EXT 2020"]
[Source "ChessBase"]
[SourceDate "2019.10.17"]
[SourceVersion "1"]
[SourceVersionDate "2019.10.17"]
[SourceQuality "1"]
[WhiteTeam "Wiesbaden"]
[BlackTeam "Marburg"]
[WhiteTeamCountry "GER"]
[BlackTeamCountry "GER"]

1. d4 d5 2. c4 c6 3. Nf3 Nf6 4. e3 g6 5. Nc3 Bg7 6. Be2 0-0 7. 0-0 a6 8. Ne5 Be6 9. b3 dxc4 10. bxc4 b5 11. Bf3 bxc4 12. Nxc6 Nxc6 13. Bxc6 Rc8 14. Qa4 Nd5 15. Bxd5 Bxd5 16. Ba3 Re8 17. Rac1 e5 18. Bc5 exd4 19. Bxd4 Bc6 20. Qxa6 Bxd4 21. exd4 Qxd4 22. h3 Qf4 23. Rce1 Ba8 24. a4 Qg5 25. f3 Kg7 26. Qb5 Qxb5 1/2-1/2

[Event "Oberliga Ost-B 1819"]
[Site "Germany"]
[Date "2018.11.11"]
[Round "3.3"]
[White "Gottschalk, Jens"]
[Black "Flach, Erich"]
[Result "1/2-1/2"]
[WhiteElo "2287"]
[BlackElo "2101"]
[PlyCount "29"]
[EventDate "2018.10.21"]
[EventType "team-tourn"]
[EventRounds "11"]
[EventCountry "GER"]
[SourceTitle "EXT 2020"]
[Source "ChessBase"]
[SourceDate "2019.10.17"]
[SourceVersion "1"]
[SourceVersionDate "2019.10.17"]
[SourceQuality "1"]
[WhiteTeam "Wiesbaden"]
[BlackTeam "Griesheim II"]
[WhiteTeamCountry "GER"]
[BlackTeamCountry "GER"]

1. d4 Nf6 2. c4 c5 3. d5 e6 4. Nc3 exd5 5. cxd5 d6 6. g3 g6 7. Bg2 Bg7 8. Nf3 0-0 9. 0-0 Nbd7 10. a4 a6 11. Nd2 Re8 12. h3 Rb8 13. Nc4 Ne5 14. Na3 Nh5 15. e4 1/2-1/2

[Event "Oberliga Ost-B 1819"]
[Site "Germany"]
[Date "2018.11.10"]
[Round "2.3"]
[White "Neumann, Martin1111"]
[Black "Gottschalk, Jens"]
[Result "1-0"]
[WhiteElo "2067"]
[BlackElo "2287"]
[PlyCount "97"]
[EventDate "2018.10.21"]
[EventType "team-tourn"]
[EventRounds "11"]
[EventCountry "GER"]
[SourceTitle "EXT 2020"]
[Source "ChessBase"]
[SourceDate "2019.10.17"]
[SourceVersion "1"]
[SourceVersionDate "2019.10.17"]
[SourceQuality "1"]
[WhiteTeam "Gernsheim"]
[BlackTeam "Wiesbaden"]
[WhiteTeamCountry "GER"]
[BlackTeamCountry "GER"]

1. d4 c5 2. dxc5 Na6 3. Nf3 Nxc5 4. g3 Nf6 5. Bg2 g6 6. 0-0 Bg7 7. Nbd2 d5 8. Nb3 Na4 9. Qd4 Bd7 10. Nc5 Nxc5 11. Qxc5 0-0 12. c3 b6 13. Qb4 Rc8 14. Ne5 Bf5 15. Rd1 Qc7 16. Bf4 Qc5 17. Qb3 Be6 18. Qa4 a5 19. Be3 Qc7 20. Nd3 Bd7 21. Qd4 b5 22. Bxd5 Nxd5 23. Qxd5 Bc6 24. Qc5 Rfe8 25. Qb6 Qd6 26. Nb4 axb4 27. Rxd6 exd6 28. cxb4 Bxb2 29. Rd1 Be5 30. Rc1 Bd7 31. Rxc8 Rxc8 32. Qb7 Be6 33. Qxb5 Bxa2 34. Qa6 Be6 35. f4 Bg7 36. Qxd6 Bf8 37. Qb6 Rc2 38. Qb8 Rc8 39. Qb5 Bc4 40. Qb7 Re8 41. Kf2 Be6 42. b5 Rc8 43. b6 Rc2 44. Bd4 Rc4 45. Ke3 Rc8 46. Qa7 Bd5 47. b7 Re8+ 48. Kf2 Bd6 49. Qb6 1-0

[Event "Oberliga Ost-B 1718"]
[Site "Germany"]
[Date "2017.11.11"]
[Round "2.3"]
[White "Gottschalk, Jens"]
[Black "Dorst, Johannes"]
[Result "1/2-1/2"]
[WhiteElo "2268"]
[BlackElo "2207"]
[PlyCount "50"]
[EventDate "2017.10.22"]
[EventType "team-tourn"]
[EventRounds "11"]
[EventCountry "GER"]
[SourceTitle "EXT 2019"]
[Source "ChessBase"]
[SourceDate "2018.10.10"]
[SourceVersion "1"]
[SourceVersionDate "2018.10.10"]
[SourceQuality "1"]
[WhiteTeam "Wiesbaden"]
[BlackTeam "Marburg"]
[WhiteTeamCountry "GER"]
[BlackTeamCountry "GER"]

1. d4 Nf6 2. c4 c5 3. d5 b5 4. cxb5 a6 5. bxa6 g6 6. Nc3 Bg7 7. g3 0-0 8. Bg2 d6 9. Nf3 Bxa6 10. 0-0 Nbd7 11. Rb1 Qa5 12. Bd2 Bb7 13. Qc2 Qa7 14. e4 Ba6 15. Rfd1 Ng4 16. Bc1 Rfb8 17. h3 Nge5 18. Nxe5 Nxe5 19. b3 c4 20. Be3 cxb3 21. axb3 Qc7 22. Qd2 Bd3 23. Ra1 Ba6 24. Rab1 Bd3 25. Ra1 Ba6 1/2-1/2

[Event "GER-chT Betriebe 17th"]
[Site "Berlin"]
[Date "2017.11.05"]
[Round "7.1"]
[White "Hoffmann, Hendrik"]
[Black "Gottschalk, Jens"]
[Result "1-0"]
[WhiteElo "2281"]
[BlackElo "2268"]
[PlyCount "99"]
[EventDate "2017.11.02"]
[EventType "team-swiss"]
[EventRounds "7"]
[EventCountry "GER"]
[SourceTitle "EXT 2020"]
[Source "ChessBase"]
[SourceDate "2019.10.17"]
[SourceVersion "1"]
[SourceVersionDate "2019.10.17"]
[SourceQuality "1"]
[WhiteTeam "Leipzig Publishing Services"]
[BlackTeam "Wiesbaden R+V Versicherung"]
[WhiteTeamCountry "GER"]
[BlackTeamCountry "GER"]

1. e4 c5 2. Nf3 Nc6 3. d4 cxd4 4. Nxd4 Nf6 5. Nc3 e6 6. Ndb5 d6 7. Bf4 e5 8. Bg5 a6 9. Na3 b5 10. Nd5 Be7 11. Bxf6 Bxf6 12. c3 0-0 13. Nc2 Bg5 14. a4 bxa4 15. Rxa4 a5 16. b4 Be6 17. b5 Nb8 18. h4 Bh6 19. g4 Bf4 20. Bc4 Kh8 21. Nxf4 exf4 22. Nd4 Bxc4 23. Rxc4 d5 24. Ra4 dxe4 25. Nf5 g6 26. Nd6 Nd7 27. g5 f6 28. Rxe4 Nc5 29. Rxf4 Qe7+ 30. Kf1 Rad8 31. Rd4 Ne6 32. Rd5 Kg7 33. Ne4 fxg5 34. hxg5 Rxd5 35. Qxd5 Rf5 36. Qd3 Nxg5 37. Qd4+ Kg8 38. Nxg5 Qxg5 39. Qc4+ Rd5 40. Rh3 Qc1+ 41. Kg2 Qg5+ 42. Rg3 Qe5 43. Re3 Qg5+ 44. Kf1 Kg7 45. Qc7+ Kf8 46. b6 Rb5 47. Rf3+ Rf5 48. Qc5+ Kg7 49. Rxf5 gxf5 50. Qc7+ 1-0

[Event "GER-chT Betriebe 17th"]
[Site "Berlin"]
[Date "2017.11.03"]
[Round "3.1"]
[White "Koscielski, Janusch"]
[Black "Gottschalk, Jens"]
[Result "0-1"]
[WhiteElo "2337"]
[BlackElo "2268"]
[PlyCount "80"]
[EventDate "2017.11.02"]
[EventType "team-swiss"]
[EventRounds "7"]
[EventCountry "GER"]
[SourceTitle "EXT 2020"]
[Source "ChessBase"]
[SourceDate "2019.10.17"]
[SourceVersion "1"]
[SourceVersionDate "2019.10.17"]
[SourceQuality "1"]
[WhiteTeam "Herne Wanne Eickel EKJ"]
[BlackTeam "Wiesbaden R+V Versicherung"]
[WhiteTeamCountry "GER"]
[BlackTeamCountry "GER"]

1. e4 c5 2. Nf3 Nc6 3. Bb5 Nf6 4. Bxc6 dxc6 5. d3 Bg4 6. h3 Bh5 7. b3 Qc7 8. Bb2 Nd7 9. Nbd2 e5 10. a4 f6 11. Nc4 Be7 12. a5 Nf8 13. Bc1 Ne6 14. Be3 0-0 15. g4 Bf7 16. 0-0 b5 17. Ncd2 Rad8 18. Nh4 g6 19. Ng2 Bd6 20. f3 Nf4 21. Kh2 Qe7 22. Qe1 a6 23. Rg1 Kh8 24. Rd1 Bc7 25. Qf2 Ne6 26. Ra1 Nd4 27. Ra2 Ne6 28. Raa1 Nd4 29. Ra2 c4 30. bxc4 bxc4 31. Nxc4 Bxc4 32. dxc4 Qb4 33. c3 Qxc3 34. Rc1 Qb4 35. Kg3 f5 36. Bh6 fxe4 37. Bxf8 Rxf8 38. Ne3 exf3 39. Kh2 Ne2 40. Kh1 Nxc1 0-1

[Event "GER-chT Betriebe 16th"]
[Site "Dresden"]
[Date "2016.11.05"]
[Round "6.1"]
[White "Gottschalk, Jens"]
[Black "Engelmann, Jakob"]
[Result "1/2-1/2"]
[WhiteElo "2282"]
[BlackElo "2256"]
[PlyCount "23"]
[EventDate "2016.11.03"]
[EventType "team-swiss"]
[EventRounds "7"]
[EventCountry "GER"]
[SourceTitle "EXT 2020"]
[Source "ChessBase"]
[SourceDate "2019.10.17"]
[SourceVersion "1"]
[SourceVersionDate "2019.10.17"]
[SourceQuality "1"]
[WhiteTeam "Wiesbaden R+V Versicherung"]
[BlackTeam "Essen RWE"]
[WhiteTeamCountry "GER"]
[BlackTeamCountry "GER"]

1. d4 d5 2. c4 c6 3. Nf3 Nf6 4. e3 a6 5. b3 Bg4 6. Be2 e6 7. 0-0 Nbd7 8. Bb2 Be7 9. Nbd2 0-0 10. h3 Bh5 11. Qc2 Bg6 12. Bd3 1/2-1/2

[Event "GER-chT Betriebe 16th"]
[Site "Dresden"]
[Date "2016.11.05"]
[Round "5.1"]
[White "Schmidt, Harald"]
[Black "Gottschalk, Jens"]
[Result "0-1"]
[WhiteElo "2364"]
[BlackElo "2282"]
[PlyCount "108"]
[EventDate "2016.11.03"]
[EventType "team-swiss"]
[EventRounds "7"]
[EventCountry "GER"]
[SourceTitle "EXT 2020"]
[Source "ChessBase"]
[SourceDate "2019.10.17"]
[SourceVersion "1"]
[SourceVersionDate "2019.10.17"]
[SourceQuality "1"]
[WhiteTeam "Hamburg Transit"]
[BlackTeam "Wiesbaden R+V Versicherung"]
[WhiteTeamCountry "GER"]
[BlackTeamCountry "GER"]

1. c4 e5 2. a3 Nf6 3. d3 d5 4. cxd5 Nxd5 5. Nf3 Nc6 6. e4 Nb6 7. Be2 Be7 8. 0-0 Be6 9. Nc3 a5 10. Be3 0-0 11. Na4 Nxa4 12. Qxa4 Qd7 13. Rfe1 f6 14. Rac1 Rfd8 15. Qc2 Rac8 16. Qc3 a4 17. Bd1 Qxd3 18. Bxa4 Qxc3 19. Rxc3 Nd4 20. Nd2 b5 21. Bb3 Nxb3 22. Nxb3 b4 23. axb4 Bxb4 24. Nc5 Bxc3 25. bxc3 Bc4 26. f4 Ra8 27. fxe5 fxe5 28. h4 h6 29. Kh2 Ra2 30. Kg3 Rc2 31. h5 Bf7 32. Kg4 Rxg2+ 33. Kf5 Bxh5 34. Kxe5 Re2 35. Rxe2 Bxe2 36. Ke6 Bb5 37. Bf4 Re8+ 38. Kd5 Rd8+ 39. Ke6 Bc6 40. Bxc7 Re8+ 41. Kf5 Kf7 42. e5 g6+ 43. Kf4 g5+ 44. Kf5 Bd5 45. Bd6 Ba2 46. Ke4 g4 47. Kf4 h5 48. Nb7 Ra8 49. Bc5 h4 50. Bg1 g3 51. Nd6+ Ke6 52. Ne4 Bd5 53. Nf6 h3 54. c4 Bc6 0-1

[Event "Oberliga Ost-B 1516"]
[Site "Germany"]
[Date "2015.10.10"]
[Round "2.4"]
[White "Gulich, Christian"]
[Black "Gottschalk, Jens"]
[Result "0-1"]
[WhiteElo "2063"]
[BlackElo "2279"]
[PlyCount "48"]
[EventDate "2015.09.20"]
[EventType "team-tourn"]
[EventRounds "11"]
[EventCountry "GER"]
[SourceTitle "EXT 2017"]
[Source "ChessBase"]
[SourceDate "2016.10.25"]
[SourceVersion "1"]
[SourceVersionDate "2016.10.25"]
[SourceQuality "1"]
[WhiteTeam "Weimar"]
[BlackTeam "Wiesbaden"]
[WhiteTeamCountry "GER"]
[BlackTeamCountry "GER"]

1. e4 c5 2. Nf3 Nc6 3. d4 cxd4 4. Nxd4 Nf6 5. Nc3 e6 6. Bg5 Bb4 7. Nxc6 bxc6 8. Qf3 e5 9. Bc4 Be7 10. 0-0 d6 11. Qd3 0-0 12. Rad1 Ne8 13. Be3 Be6 14. Kh1 Qc7 15. f4 exf4 16. Bxf4 Bxc4 17. Qxc4 Rd8 18. Ne2 Bf6 19. b3 Qb6 20. Rd3 Qa5 21. Qxc6 Qxa2 22. Rfd1 Rb8 23. Nc3 Qxc2 24. R1d2 Qc1+ 0-1

[Event "BL2-West 1415"]
[Site "Germany"]
[Date "2015.01.18"]
[Round "5.3"]
[White "Gottschalk, Jens"]
[Black "Fridman, Rafael"]
[Result "1/2-1/2"]
[WhiteElo "2278"]
[BlackElo "2486"]
[PlyCount "30"]
[EventDate "2014.09.21"]
[EventType "team-tourn"]
[EventRounds "9"]
[EventCountry "GER"]
[SourceTitle "CBM 166 Extra"]
[Source "ChessBase"]
[SourceDate "2015.06.18"]
[SourceVersion "1"]
[SourceVersionDate "2015.06.18"]
[SourceQuality "1"]
[WhiteTeam "Wiesbaden"]
[BlackTeam "Bochum SG"]
[WhiteTeamCountry "GER"]
[BlackTeamCountry "GER"]

1. d4 d6 2. Nf3 Bg4 3. c4 c6 4. Nc3 Nd7 5. e4 e5 6. Be3 Be7 7. Be2 Ngf6 8. 0-0 0-0 9. Qc2 exd4 10. Nxd4 Bxe2 11. Qxe2 g6 12. Rfd1 Re8 13. f3 Bf8 14. Nb3 Qc7 15. Rd2 a6 1/2-1/2

[Event "BL2-West 1415"]
[Site "Germany"]
[Date "2014.09.21"]
[Round "1.3"]
[White "Gottschalk, Jens"]
[Black "Hummel, Erik Jan"]
[Result "1-0"]
[WhiteElo "2278"]
[BlackElo "2314"]
[PlyCount "87"]
[EventDate "2014.09.21"]
[EventType "team-tourn"]
[EventRounds "9"]
[EventCountry "GER"]
[SourceTitle "CBM 166 Extra"]
[Source "ChessBase"]
[SourceDate "2015.06.18"]
[SourceVersion "1"]
[SourceVersionDate "2015.06.18"]
[SourceQuality "1"]
[WhiteTeam "Wiesbaden"]
[BlackTeam "Emsdetten Turm II"]
[WhiteTeamCountry "GER"]
[BlackTeamCountry "GER"]

1. d4 Nf6 2. c4 c5 3. d5 e6 4. Nc3 exd5 5. cxd5 d6 6. e4 g6 7. f4 Bg7 8. e5 Ng4 9. Bb5+ Kf8 10. Nf3 a6 11. Be2 Qb6 12. h3 Nh6 13. 0-0 Nf5 14. Ne4 h5 15. Qb3 Qxb3 16. axb3 h4 17. b4 b6 18. bxc5 bxc5 19. exd6 Nd4 20. Bc4 Nd7 21. Ra5 Bb7 22. Be3 Nf5 23. Bf2 Nb6 24. b3 Bxd5 25. Bxd5 Nxd5 26. Nxc5 Nxf4 27. d7 Bc3 28. Rxa6 Ke7 29. Rd1 Rad8 30. Nb7 Ne6 31. Nxd8 Rxd8 32. Ra7 Nd6 33. Bxh4+ f6 34. Bg3 Ne4 35. Be1 Bxe1 36. Rxe1 f5 37. Ne5 Nd4 38. Nxg6+ Kf6 39. Nf4 Rg8 40. Kh2 Nxb3 41. Rd1 Rd8 42. Ra6+ Ke7 43. Ng6+ Kf7 44. Ne5+ 1-0

[Event "BL2-West 1314"]
[Site "Germany"]
[Date "2013.10.13"]
[Round "1.6"]
[White "Gottschalk, Jens"]
[Black "Hainke, Guntram"]
[Result "1/2-1/2"]
[WhiteElo "2268"]
[BlackElo "2299"]
[PlyCount "64"]
[EventDate "2013.10.13"]
[EventType "team-tourn"]
[EventRounds "9"]
[EventCountry "GER"]
[SourceTitle "EXT 2015"]
[Source "ChessBase"]
[SourceDate "2014.11.20"]
[SourceVersion "1"]
[SourceVersionDate "2014.11.20"]
[SourceQuality "1"]
[WhiteTeam "Wiesbaden"]
[BlackTeam "Godesberg"]
[WhiteTeamCountry "GER"]
[BlackTeamCountry "GER"]

1. d4 Nf6 2. c4 e6 3. g3 d5 4. Bg2 Be7 5. Nf3 0-0 6. 0-0 c6 7. Qc2 b6 8. Nbd2 Bb7 9. e4 Nbd7 10. b3 Rc8 11. Bb2 c5 12. exd5 exd5 13. dxc5 Nxc5 14. Rad1 Ncd7 15. Qf5 Qc7 16. Rfe1 Rfe8 17. Nd4 Bb4 18. Nb5 Rxe1+ 19. Rxe1 Qb8 20. Bc3 Bf8 21. Bb2 a6 22. Nc3 dxc4 23. Bxb7 Qxb7 24. Nxc4 b5 25. Nd2 Rc5 26. Qf3 Qxf3 27. Nxf3 b4 28. Na4 Rc2 29. Nd4 Rd2 30. Nf3 Rc2 31. Nd4 Rd2 32. Nf3 Rc2 1/2-1/2

[Event "Bundesliga 1213"]
[Site "Germany"]
[Date "2012.11.11"]
[Round "4.8"]
[White "Dinstuhl, Volkmar"]
[Black "Gottschalk, Jens"]
[Result "1/2-1/2"]
[WhiteElo "2409"]
[BlackElo "2269"]
[PlyCount "75"]
[EventDate "2012.10.20"]
[EventType "team-tourn"]
[EventRounds "15"]
[EventCountry "GER"]
[SourceTitle "CBM 151"]
[Source "ChessBase"]
[SourceDate "2012.11.13"]
[SourceVersion "1"]
[SourceVersionDate "2012.11.13"]
[SourceQuality "1"]
[WhiteTeam "Wattenscheid"]
[BlackTeam "Wiesbaden"]
[WhiteTeamCountry "GER"]
[BlackTeamCountry "GER"]

1. d4 d5 2. c4 c6 3. Nf3 Nf6 4. Qb3 g6 5. Nc3 Bg7 6. Bf4 0-0 7. e3 a6 8. Rc1 dxc4 9. Bxc4 b5 10. Be2 Nbd7 11. 0-0 Qb6 12. e4 Bb7 13. e5 Nd5 14. Nxd5 cxd5 15. Bd2 Rfc8 16. Qa3 Bf8 17. Bb4 a5 18. Bc5 b4 19. Qe3 Nxc5 20. dxc5 Qa7 21. e6 f6 22. Rc2 Bc6 23. Nd4 Qc7 24. Rd1 f5 25. Bf3 Rd8 26. Nxc6 Qxc6 27. Rcd2 Rac8 28. Rxd5 Rxd5 29. Rxd5 Qa4 30. Qb3 Qxb3 31. axb3 Kg7 32. Be2 Kf6 33. Bc4 Bh6 34. g3 Bc1 35. f4 Rxc5 36. Rd8 Kg7 37. Rd7 Kf6 38. Rd8 1/2-1/2